00561nam a2200145Ia 4500999001700000082002800017245005900045260002800104300001300132504003600145650006800181700002000249942001200269952013400281 c12705d12705 aRR 959.053 LEI-D SL1 0aDictionary of the modern politics of South - East Asia aLondonbRoutledgec1995 axii, 289 aincludes bibliography and index aAsia, SoutheasternvPolitics and governmentvDictionariesz1945 aLeifer, Michael cBK2ddc 001040708DaNASSDOCbNASSDOCd2016-12-29i2005-02-11l0oRR 959.053 LEI-D SL1pD000466r2019-04-18 00:00:00w2019-04-18yBK